000 00296nam a2200109Ia 4500
008 220214s9999 xx 000 0 und d
100 _aSekhar PS
245 0 _aUse of insecticides in coffee plantataion-Problems, present and future
260 _bIndian Coffee
_c1961
300 _a230
942 _cRE
999 _c46231
_d46231